| 000 | 01732nam1a2200385 i 4500 | ||
|---|---|---|---|
| 001 | RU\NLR\bibl\213387 | ||
| 005 | 20260407070136.0 | ||
| 035 | _a(NLR Aleph) 000209540 | ||
| 090 |
_a1216045 _c1216045 |
||
| 100 | _a20011217g19 9999k y0rusy50 ca | ||
| 101 | 0 | _arus | |
| 102 | _aRU | ||
| 105 | _a||||z ||||| | ||
| 200 | 1 |
_aАктуальные проблемы философии, социологии и политологии, экономики и психологии _eМатериалы науч. студ.-аспирант. конф., (апр. 2000) _f[Редкол.: В.Г. Попов (отв. ред.) и др.] |
|
| 210 |
_aПермь _cПерм. ун-т _d2000 |
||
| 215 | _d20 | ||
| 300 | _aВ надзаг.: М-во образования Рос. Федерации, Перм. гос. ун-т. Филос.-социол. фак. | ||
| 463 | 0 | _1001199215 | |
| 463 | 0 | _1001390904 | |
| 463 | 0 | _1001734664 | |
| 463 | 0 | _1001939398 | |
| 463 | 0 | _10011032582 | |
| 463 | 0 | _10011044216 | |
| 463 | 0 | _10011178475 | |
| 463 | 0 | _10011338982 | |
| 463 | 0 | _10011491034 | |
| 606 | 0 |
_aОбщественные науки _jСъезды, совещания и т.п. _yРоссийская Федерация _91904459 _3RU\NLR\auth\661156996 |
|
| 686 | _aС.я431 | ||
| 702 | 1 |
_aПопов _bВ. Г. _4340 |
|
| 711 | 0 | 2 |
_aПермский государственный университет _bФилософско-социологический факультет _bНаучная студенческо-аспирантская конференция _f2000 _3RU\NLR\AUTH\8810033630 _9565737 |
| 801 | 0 |
_aRU _bNLR _c20011217 _gPSBO |
|
| 801 | 1 |
_aRU _bNLR _c20011217 |
|
| 852 |
_aNLR _j2001-3/16302 |
||
| 942 | _cBOOK | ||